Protokol PECA - Dohoda o vzájemném uznávání výsledků posuzování shody mezi ČR a EU

PECA (Protocol on Europe Conformity Assessment) je dohoda zjednaná medzi Českou republikou a Európskym spoločenstvom vo forme protokolu k Európskej dohode. Týka sa vzájomného uznávania a posudzovania zhody a akceptácie priemyselných výrobkov. PECA je nástroj predvstupovej stratégie, ktorý umoží za p...

Ausführliche Beschreibung

Gespeichert in:
Bibliographische Detailangaben
1. Verfasser: Šafařík-Pštrosz, Alexander
Format: Buchkapitel
Sprache:Tschechisch
Schlagworte:
Tags: Tag hinzufügen
Keine Tags, Fügen Sie das erste Tag hinzu!

MARC

LEADER 00000naa a2200000 4500
001 r043483
005 20230908092051.0
041 0 |a cze 
044 |a CZ 
245 1 0 |a Protokol PECA - Dohoda o vzájemném uznávání výsledků posuzování shody mezi ČR a EU  |c Alexander Šafařík-Pštrosz 
520 |a PECA (Protocol on Europe Conformity Assessment) je dohoda zjednaná medzi Českou republikou a Európskym spoločenstvom vo forme protokolu k Európskej dohode. Týka sa vzájomného uznávania a posudzovania zhody a akceptácie priemyselných výrobkov. PECA je nástroj predvstupovej stratégie, ktorý umoží za predpokladu účinnej implementácie rozšírenie určitých výhod vnútorného trhu v dohodnutých sektoroch. Štruktúra PECA. 
610 2 0 |a posudzovanie zhody výrobkov 
610 2 0 |a dohody medzinárodné 
610 2 0 |a dohody obchodné 
610 2 0 |a obchod medzinárodný 
610 2 0 |a obchod voľný 
610 2 0 |a výrobky priemyselné 
610 2 0 |a Česko 
610 2 0 |a Európske spoločenstvá 
610 2 0 |a politika zahraničnoobchodná 
100 1 |a Šafařík-Pštrosz, Alexander